| 000 | 00462nam a2200169Ia 4500 | ||
|---|---|---|---|
| 001 | 24426 | ||
| 003 | IN-NITTTR | ||
| 005 | 20251114233313.0 | ||
| 008 | 251113s9999||||xx |||||||||||||| ||eng|| | ||
| 040 | _beng | ||
| 040 | _cIN-NITTTR | ||
| 041 | _aeng | ||
| 082 | _a337.11 B1W | ||
| 100 | _aBhandari, Surendra | ||
| 245 | 0 |
_aWorld trade organisation (WTO) and developing countries : _b diplomacy to rules based system. / _cBhandari, Surendra |
|
| 942 |
_2ddc _cBK |
||
| 999 |
_c27055 _d27055 |
||